000 00671 a2200217 4500
003 Nust
005 20221221121136.0
010 _a 89037742
020 _a812032496X
040 _cNust
082 0 0 _a160, COP
100 1 _aCopi, Irving M.
_978487
245 1 0 _aIntroduction to logic /
_cIrving M. Copi, Carl Cohen.
250 _a11th ed.
260 _aNew Dehli :
_bPrentice-Hall of India;
_bCollier Macmillan,
_c2004
300 _axiv, 569 p. :
_bill. ;
_c25 cm.
505 _aPart-1: Logic and Language (Page-1), Part-2: Education (Page-179), Part-3; Induction (Page-421).
650 0 _aLogic
_93562
700 1 _aCohen, Carl,
_d1931-
_9105519
942 _2ddc
_cBK
999 _c188526
_d188526